Equipes ayant disputé la LFL (LoL) - Statistiques

Statistiques générales
  • Ce quiz a été pris 140 fois
    63 depuis la dernière actualisation
  • Le résultat moyen est 13 sur 20
Statistiques - réponses
Saisons jouées Equipes % Correct
Depuis 2021 Karmine Corp - Karmine Corp Blue
100%
Depuis 2019 Solary
98%
Depuis 2019 Vitality.Bee
95%
Depuis 2021 Team BDS - Team BDS Académie
88%
Depuis 2023 BK ROG
84%
Depuis 2019 GamersOrigin- Team GO - Galions
84%
2019 - 2020 - 2021 - 2022 - 2023 Team LDLC - LDLC OL
79%
Depuis 2020 GameWard
77%
Depuis 2024 Gentle Mates
74%
Depuis 2025 JobLife
74%
2023 - 2024 Aegis
70%
2024 Team du Sud
70%
2020 - 2021 - 2023 Izi Dream
67%
2019 - 2020 - 2021 - 2022 Misfits Premier
67%
Depuis 2025 Ici Japon Corp
63%
2022 Mirage Elyandra
47%
2019 - 2020 - 2021 Team MCES
42%
2019 ROG Esport
23%
2019 Against All Authority
12%
2022 Team Opion
7%
Aucun quiz correspondant
Distribution des résultats
% des personnes avec chaque résultat
Percentile par nombre de réponses
Votre historique - résultats
Vous n’avez pas pris ce quiz depuis la dernière actualisation